Normal view MARC view
  • Asfahl Ray C

Entry Personal Name

Number of records used in: 1

001 - CONTROL NUMBER

  • control field: 86708

003 - CONTROL NUMBER IDENTIFIER

  • control field: NUST

005 - DATE AND TIME OF LATEST TRANSACTION

  • control field: 20211216102518.0

008 - FIXED-LENGTH DATA ELEMENTS

  • fixed length control field: 211216|| aca||aabn | a|a d

040 ## - CATALOGING SOURCE

  • Original cataloging agency: NUST
  • Transcribing agency: NUST

100 ## - HEADING--PERSONAL NAME

  • Personal name: Asfahl Ray C

670 ## - SOURCE DATA FOUND

  • Source citation: Work cat.: (NUST)32350: Asfahl Ray C., Robots and Manufacturing Automation /, 2011.
© 2023 Central Library, National University of Sciences and Technology. All Rights Reserved.